Times Table Game - Statistics

General Stats
  • This quiz has been taken 8 times
    2 since last reset
  • The average score is 42 of 263
Answer Stats
Problem Answer % Correct
24x9 216
100%
27x20 540
100%
14x5 70
100%
18x5 90
100%
24x4 96
100%
25x4 100
50%
26x4 104
50%
15x7 105
50%
22x5 110
50%
14x8 112
50%
23x5 115
50%
13x9 117
50%
25x5 125
50%
14x9 126
50%
16x8 128
50%
26x5 130
50%
15x9 135
50%
23x6 138
50%
16x9 144
50%
12x12 144
50%
25x6 150
50%
19x8 152
50%
26x6 156
50%
18x9 162
50%
19x9 171
50%
22x8 176
50%
23x8 184
50%
21x9 189
50%
12x2 24
50%
13x2 26
50%
14x2 28
50%
15x2 30
50%
26x12 312
50%
16x2 32
50%
17x2 34
50%
25x14 350
50%
18x2 36
50%
12x3 36
50%
19x2 38
50%
13x3 39
50%
24x17 408
50%
14x3 42
50%
21x2 42
50%
15x3 45
50%
23x2 46
50%
26x18 468
50%
24x2 48
50%
16x3 48
50%
12x4 48
50%
25x2 50
50%
25x20 500
50%
26x2 52
50%
13x4 52
50%
18x3 54
50%
27x2 54
50%
14x4 56
50%
12x5 60
50%
15x4 60
50%
21x3 63
50%
13x5 65
50%
22x3 66
50%
23x3 69
50%
24x3 72
50%
25x3 75
50%
15x5 75
50%
19x4 76
50%
26x3 78
50%
13x6 78
50%
16x5 80
50%
14x6 84
50%
17x5 85
50%
22x4 88
50%
15x6 90
50%
13x7 91
50%
23x4 92
50%
19x5 95
50%
12x8 96
50%
16x6 96
50%
17x6 102
0%
13x8 104
0%
21x5 105
0%
12x9 108
0%
27x4 108
0%
18x6 108
0%
16x7 112
0%
19x6 114
0%
17x7 119
0%
24x5 120
0%
15x8 120
0%
11x11 121
0%
18x7 126
0%
21x6 126
0%
22x6 132
0%
12x11 132
0%
19x7 133
0%
27x5 135
0%
17x8 136
0%
13x11 143
0%
18x8 144
0%
24x6 144
0%
21x7 147
0%
17x9 153
0%
14x11 154
0%
22x7 154
0%
13x12 156
0%
23x7 161
0%
27x6 162
0%
15x11 165
0%
14x12 168
0%
24x7 168
0%
21x8 168
0%
13x13 169
0%
25x7 175
0%
16x11 176
0%
15x12 180
0%
26x7 182
0%
14x13 182
0%
17x11 187
0%
27x7 189
0%
16x12 192
0%
24x8 192
0%
15x13 195
0%
14x14 196
0%
18x11 198
0%
22x9 198
0%
25x8 200
0%
17x12 204
0%
23x9 207
0%
26x8 208
0%
16x13 208
0%
19x11 209
0%
15x14 210
0%
18x12 216
0%
27x8 216
0%
17x13 221
0%
16x14 224
0%
25x9 225
0%
15x15 225
0%
19x12 228
0%
21x11 231
0%
18x13 234
0%
26x9 234
0%
17x14 238
0%
16x15 240
0%
22x11 242
0%
27x9 243
0%
19x13 247
0%
18x14 252
0%
21x12 252
0%
23x11 253
0%
17x15 255
0%
16x16 256
0%
22x12 264
0%
24x11 264
0%
19x14 266
0%
18x15 270
0%
17x16 272
0%
21x13 273
0%
25x11 275
0%
23x12 276
0%
19x15 285
0%
22x13 286
0%
26x11 286
0%
24x12 288
0%
18x16 288
0%
17x17 289
0%
21x14 294
0%
27x11 297
0%
23x13 299
0%
25x12 300
0%
19x16 304
0%
18x17 306
0%
22x14 308
0%
24x13 312
0%
21x15 315
0%
23x14 322
0%
19x17 323
0%
18x18 324
0%
27x12 324
0%
25x13 325
0%
22x15 330
0%
24x14 336
0%
21x16 336
0%
26x13 338
0%
19x18 342
0%
23x15 345
0%
27x13 351
0%
22x16 352
0%
21x17 357
0%
24x15 360
0%
19x19 361
0%
26x14 364
0%
23x16 368
0%
22x17 374
0%
25x15 375
0%
21x18 378
0%
27x14 378
0%
24x16 384
0%
26x15 390
0%
23x17 391
0%
22x18 396
0%
21x19 399
0%
25x16 400
0%
27x15 405
0%
23x18 414
0%
26x16 416
0%
22x19 418
0%
21x20 420
0%
25x17 425
0%
27x16 432
0%
24x18 432
0%
23x19 437
0%
22x2 44
0%
22x20 440
0%
21x21 441
0%
26x17 442
0%
25x18 450
0%
24x19 456
0%
27x17 459
0%
23x20 460
0%
22x21 462
0%
25x19 475
0%
24x20 480
0%
23x21 483
0%
22x22 484
0%
27x18 486
0%
26x19 494
0%
24x21 504
0%
23x22 506
0%
17x3 51
0%
27x19 513
0%
26x20 520
0%
25x21 525
0%
24x22 528
0%
23x23 529
0%
26x21 546
0%
25x22 550
0%
24x23 552
0%
27x21 567
0%
19x3 57
0%
26x22 572
0%
25x23 575
0%
24x24 576
0%
27x22 594
0%
26x23 598
0%
25x24 600
0%
27x23 621
0%
26x24 624
0%
25x25 625
0%
16x4 64
0%
27x24 648
0%
26x25 650
0%
27x25 675
0%
26x26 676
0%
17x4 68
0%
27x26 702
0%
18x4 72
0%
12x6 72
0%
27x27 729
0%
27x3 81
0%
21x4 84
0%
12x7 84
0%
14x7 98
0%
No matching quizzes found
Score Distribution
Percent of People with Each Score
Percentile by Number Answered
Your Score History
You have not taken this quiz since the last reset